Activity book for children 3 Tập 3

Gardado en:
Detalles Bibliográficos
Autor Principal: Clark, Christopher
Formato: Không biết
Idioma:English
Publicado: Oxford University 1983
Những chủ đề:
Các nhãn: Engadir etiqueta
Sen Etiquetas, Sexa o primeiro en etiquetar este rexistro!
Thư viện lưu trữ: Mạng thư viện Đại học Đà Nẵng
LEADER 01074ca a2200313 4500
001 000030645
003 4278
005 20151016000000.0
008 151001s1983 000 eng
020 |a 9780194218320 
041 |a eng 
082 |a 420.8.3  |b CL-C  |2 Tập 3 
100 |a Clark, Christopher 
245 |a Activity book for children 3  |c Christopher Clark  |n Tập 3 
260 |a Oxford University  |c 1983 
300 |a 32p. : ill ; 30cm 
650 |a Activity book for children, Activity book, book children, Christopher Clark, 1983 
852 |b Chuyên đề  |c Dự án TRIG 
OWN |a LNN 
AVA |a UDN50  |b LNN  |d 420.8.3 CL-C  |e available  |t Error 5001 Not defined in file expand_doc_bib_avail.  |f 1  |g 0  |h N  |i 0  |k 1 
999 |a From the UDN01 
AVA |a UDN50  |b LNN  |d 420.8.3 CL-C  |e available  |t Error 5001 Not defined in file expand_doc_bib_avail.  |f 1  |g 0  |h N  |i 0  |k 1 
980 |a Mạng thư viện Đại học Đà Nẵng